000 01311nam a2200361 c 4500
999 _c180520
_d180520
003 BLK
005 20250623102005.0
008 180411b bul|||||r ||||||| ||bul||
010 _aKNG00189377000
020 _a978-619-150-505-0
040 _aBLK
041 _aBUL
_cBUL
072 7 _2bullib
_aН83
_xЧужда художествена литература Н
080 _aЧилийска литература
_b821.134.2(83)
_x-32
_z821.134.2(83)-32
100 1 _aАлиенде, Исабел
_eпърви автор
_930822
139 _aАлиенде, Исабел
_bА 54
245 1 0 _aЛюбов
_cИсабел Алиенде; прев. от исп. Десислава Антова.
257 _aCHI
260 _bКолибри
_c2015
_fСофия : Инвестпрес
300 _a278 с.
_bс ил.
_c20 см
380 _aX
500 _aОриг. загл.: Amor / Isabel Allende
659 _aН
700 1 _aАнтова, Десислава
_eпрев. от исп.
_9277897
852 _aЦб 281609
_bП
_cП 860(7/8)-32/А 54
856 4 _qpdf
856 4 _qpdf
942 _cKNG
_n0
_s1
_050
944 _aCR
_c09.08.2016
_k30542
_lРусанова Ирена
944 _aED
_c15.08.2016
_kГеновева_Генчева
999 _d180520
999 _d180520